Viaje a Samoa (Record no. 17304)

MARC details
000 -LEADER
campo de control de longitud fija 00962nam a2200277 i 4500
001 - NÚMERO DE CONTROL
campo de control 17304
003 - IDENTIFICADOR DE NÚMERO DE CONTROL
campo de control ES-MaACL
005 - FECHA Y HORA DE LA ÚLTIMA TRANSACCIÓN
campo de control 20230906151539.0
007 - CAMPO FIJO DE DESCRIPCIÓN FÍSICA--INFORMACIÓN GENERAL
campo de control de longitud fija t|
008 - DATOS DE LONGITUD FIJA--INFORMACIÓN GENERAL
campo de control de longitud fija 010126s1998 sp ||||1| spa d
020 ## - NÚMERO INTERNACIONAL ESTÁNDAR DEL LIBRO
Número Internacional Estándar del Libro 84-7651-365-8
080 ## - NÚMERO DE LA CLASIFICACIÓN DECIMAL UNIVERSAL
Número de la Clasificación Decimal Universal 821.134.1-992"18"
100 1# - ENTRADA PRINCIPAL--NOMBRE DE PERSONA
Nombre de persona Schwob, Marcel.
9 (RLIN) 104916
245 10 - MENCIÓN DEL TÍTULO
Título Viaje a Samoa
Resto del título : cartas a Margarita Moreno /
Mención de responsabilidad, etc. Marcel Schwob ; precedido por La tumba de las aventuras por Enrique Vila-Matas ; prólogo de Eduardo Jordá ; prefacio de Pierre Champion ; traducción de Jaume Pomar.
250 ## - MENCION DE EDICION
Mención de edición 2ª ed.
260 ## - PUBLICACIÓN, DISTRIBUCIÓN, ETC.
Lugar de publicación, distribución, etc. Palma de Mallorca :
Nombre del editor, distribuidor, etc. Olañeta,
Fecha de publicación, distribución, etc. 1998.
300 ## - DESCRIPCIÓN FÍSICA
Extensión 122 p. ;
Dimensiones 17 cm.
490 1# - MENCIÓN DE SERIE
Mención de serie Terra incognita ;
Designación de volumen o secuencia 4
700 1# - ENTRADA AGREGADA--NOMBRE PERSONAL
Nombre de persona Vila-Matas, Enrique.
9 (RLIN) 114728
700 1# - ENTRADA AGREGADA--NOMBRE PERSONAL
Nombre de persona Jordá, Eduardo.
9 (RLIN) 66894
700 1# - ENTRADA AGREGADA--NOMBRE PERSONAL
Nombre de persona Champion, Pierre.
9 (RLIN) 37924
700 1# - ENTRADA AGREGADA--NOMBRE PERSONAL
Nombre de persona Pomar, Jaume.
9 (RLIN) 92897
830 0# - PUNTO DE ACCESO ADICIONAL DE SERIE-TÍTULO UNIFORME
Título uniforme Terra incognita ;
Designación de volumen o secuencia 4
9 (RLIN) 192333
852 ## - LOCALIZACIÓN
Ubicación ES-MaACL
Número de control de estantería L-24160
Sublocalización o colección R.129302
Holdings
Estatus retirado Estado de pérdida Estado de daño No para préstamo Biblioteca de origen Biblioteca actual Ubicación en estantería Fecha de adquisición Fuente de adquisición Total de préstamos Signatura topográfica completa Código de barras Visto por última vez Precio de reemplazo Tipo de ítem Koha
        Biblioteca del Ateneo de Madrid Biblioteca del Ateneo de Madrid Depósito 2 17/01/2008     L-24160 1017655 23/02/2023 23/02/2023 Libro impreso